Missing Word: 1990s 'B' Song Endings Quiz Stats

 Plays Quiz Updated Feb 2, 2016

Challenge
Share
Tweet
Embed
Score 0/20 Timer 04:00
0 Plays Today
Song Missing Word % Correct
Men In _____Black
94.5%
Ice Ice _____Baby
93.6%
Girls And _____Boys
90.7%
Insane In The _____Brain
77.2%
Ain't 2 Proud 2 _____Beg
75.2%
I Still _____Believe
74%
Under The _____Bridge
70.5%
Take A _____Bow
65.6%
Do The _____Bartman
46.1%
Unskinny _____Bop
40.8%
Song Missing Word % Correct
Knockin' _____Boots
40.6%
Suicide _____Blonde
39.2%
How _____Bizarre
33.9%
In My _____Bed
33.9%
Geek Stink _____Breath
33.5%
In _____Bloom
32.4%
I Go _____Blind
31.3%
Set Adrift On Memory _____Bliss
29.9%
Far _____Behind
27.5%
Giving You The _____Benefit
8.5%

Today's Daily Dose

You're not logged in!

Compare scores with friends on all Sporcle quizzes.
OR
Log In

You Might Also Like...

Show Comments

Extras

Top Quizzes Today


Score Distribution

Your Account Isn't Verified!

In order to create a playlist on Sporcle, you need to verify the email address you used during registration. Go to your Sporcle Settings to finish the process.

Report this User

Report this user for behavior that violates our Community Guidelines.

Details: